| 000 | 03004nam a22002537a 4500 | ||
|---|---|---|---|
| 005 | 20240305165616.0 | ||
| 007 | cr|||| |||| | ||
| 008 | 210908s2020 it |||||s|||| 00||0 ita d | ||
| 020 | _a978-84-1377-299-8 | ||
| 035 | _a33519 | ||
| 040 | _avLex | ||
| 090 |
_c12313 _d12313 |
||
| 100 | 1 | _aProietti, Elena | |
| 245 | 1 | 0 |
_aEnergie rinnovabili & diritti umani _h[Recurso electrónico] : _bVerso un nuovo futuro / _cElena Proietti |
| 256 | _aServicio en línea | ||
| 260 |
_aMadrid: _bDykinson, _c2020 |
||
| 300 | _a1 recurso electrónico | ||
| 500 | _aIl riconoscimento giuridico della correlazione tra tutela della salute e diritti umani, da una parte, e diritto a vivere in un ambiente salubre, non minacciato nel futuro dagli effetti del cambiamento climatico, dallaltra, si sta già verificando a tutti i livelli, da quello internazionale e comunitario, a quello nazionale, regionale e locale. Sembrerebbe, tuttavia, che le iniziative relative alla mitigazione (e adattamento) degli effetti del cambiamento climatico provenienti dal «basso» si siano dimostrate, fino a oggi, molto più efficaci e rapide rispetto a quelle provenienti dall «alto», rallentate da compromessi di tipo economico e politico che continuano a procrastinare sine die il momento di produrre un accordo giuridico vincolante, a livello globale, non più rinviabile o emendabile. Ai fini della realizzazione del diritto alla salute di ogni individuo, inoltre, è ormai fondamentale garantire laccesso allenergia, indispensabile sia per qualsiasi forma di cura e assistenza sanitaria, che per i bisogni primari quali laccesso allacqua, al cibo e alligiene. In seguito alle scoperte scientifiche relative al cambiamento climatico, tuttavia, parlare di diritto allaccesso allenergia non potrà che sottintendere laccesso allenergia «pulita» e, quindi, rinnovabile, in grado di garantire la tutela di diritti che lutilizzo di combustibili fossili sta minacciando gravemente. Solo lo sfruttamento delle energie rinnovabili soddisferebbe, infatti, lesigenza generale di accesso allenergia e al suo utilizzo, nonché la salvaguardia dei diritti umani generalmente riconosciuti. Per tali ragioni sarà importante evidenziare le origini della materia sulle energie rinnovabili, i suoi sviluppi a livello giuridico e approfondire le concrete azioni che sono state adottate, fino a giungere alla proposta inedita, ispirata dalla sentenza Olanda vs Urgenda Foundation, del riconoscimento di un nuovo diritto umano: l'accesso all'energia rinnovabile. | ||
| 506 | 1 |
_aDisponible solo en los productos indicados _dvLex Global _dvLex Global (Academic Edition, excluding Law Schools) _dvLex Global (U.S. Academic Edition, Law Schools) _dvLex Global (U.S. Academic Edition, excluding Law Schools) _dvLex Global (Academic Edition, Law Schools) |
|
| 650 | 0 | 4 |
_aDerecho del Medio Ambiente _zItalia |
| 740 | 0 | _avLex Libros (Servicio en línea) | |
| 856 | 4 | 0 | _uhttps://app.vlex.com/#/sources/33519 |
| 942 | _cRAA | ||
| 999 |
_c170549 _d170549 |
||